| 000 | 04957nab a2200337 i 4500 | ||
|---|---|---|---|
| 003 | BR-BrBNA | ||
| 005 | 20250311101217.0 | ||
| 008 | 250311b2017 bl.|r|pooa||| 00| 0 por | | ||
| 040 |
_aBR-BrBNA _bpor |
||
| 072 |
_aL70 _b5250 |
||
| 072 | _aL73 | ||
| 100 | _aVianna, R.S. | ||
| 100 | _aBatista, C.F. | ||
| 100 | _aGomes, R.C. | ||
| 100 | _aSantos, K.R. | ||
| 100 | _aSouza, F.N. | ||
| 100 | _aPogliani, F.C. | ||
| 100 | _a Libera, A.M.M.P.D. | ||
| 245 | _aAchados ultrassonográficos da glândula mamária de cabras naturalmente infectadas com o vírus da artrite encefalite caprina | ||
| 500 | _a Publicação online; 28 ref.; 4 tables; 10 illus.; Summaries (En, Pt) | ||
| 520 | _a RESUMO - A artrite encefalite caprina é uma virose que está distribuída mundialmente nos rebanhos. Na forma mamária, é predominante a mastite crônica, que pode causar assimetria e endurecimento do úbere, mais conhecida como mastite endurativa crônica, levando à redução na produção leiteira. A ultrassonografia é um bom método de avaliação da glândula mamária, pois consiste em uma técnica não invasiva, rápida e de fácil aplicação. Este estudo objetivou avaliar as características ultrassonográficas (escala de cinza, ecogenicidade e homogeneidade) do parênquima mamário de 20 cabras sororreagentes e 20 não sororreagentes para o vírus da artrite encefalite caprina. Observou-se que o diâmetro médio dos linfonodos retromamários de animais sororreagentes (0,72cm) para o vírus da artrite encefalite caprina foi menor (P=0,02) que o dos animais não sororreagentes (0,93cm). Na análise entre as porções do úbere, os valores da escala de cinza do terço distal da porção caudal do parênquima mamário foram maiores nos animais sororreagentes (P<0.0001, lado direito; P=0,02, lado esquerdo). Tais dados sugerem que o aumento na escala de cinza do parênquima mamário das cabras pode estar correlacionado com as alterações crônicas causadas pela artrite encefalite caprina, como a mastite endurativa. Em relação aos aspectos subjetivos de ecogenicidade e homogeneidade, os grupos não apresentaram diferença entre si (P>0,05), exibindo em sua maioria padrões hipoecoicos e heterogêneos. Diante dos resultados, o presente estudo aponta indícios de que a artrite encefalite caprina pode causar alterações na escala de cinza mensuráveis pela ultrassonografia, a qual pode ser utilizada como método auxiliar eficiente e não invasivo no monitoramento e diagnóstico precoce da mastite endurativa. Palavras-chave: caprino, imagem, retrovirose, glândula mamária, doença crônica | ||
| 520 | _a ABSTRACT - The caprine arthritis encephalitis is a virosis with worldwide distribution in livestock and in the mammary form chronic mastitis is prevalent, which can cause assimetric and hardening of the udder, known as indurative chronic mastitis leading to reduction in milk production. The ultrasound is a good method of assessing the mammary gland, because the technique is non-invasive, fast, and easy to apply. This study aimed to evaluate the ultrasonographic features (grayscale, echogenicity, and homogeneity) of mammary parenchyma of 20 seroreacting goats and 20 not seroreacting for caprine arthritis encephalitis virus. It was observed that the average diameter of retromammary lymph nodes of seroreacting animals (0.72cm) to caprine arthritis encephalitis virus was smaller (P= 0.02) than in non seroreacting animals (0.93cm). In analysis between the portions of the udder, the grayscale values of the distal third of the caudal portion of the mammary parenchyma was higher in seroreacting animals (P<0.0001, right side; P= 0.02, left side). Such data suggest that the increase in ultrasonographic grayscale of mammary parenchyma of goats can be correlated to chronic changes caused by caprine arthritis encephalitis, as indurative mastitis. In relation to the subjective aspects of echogenicity and homogeneity, the groups showed no difference between them (P>0.05), displaying mostly heterogeneous and hypoechoic standards. From the results, this study points to evidence that the caprine arthritis encephalitis can cause changes in grayscale measurable by ultrasound, and this can be used as an efficient and non-invasive helper method for monitoring and early detection of indurative mastitis. Keywords: caprine, image, retrovirosis, mammary gland, chronic disease | ||
| 650 | _aCAPRINO | ||
| 650 | _aRETROVIROSE | ||
| 650 | _aGLÂNDULA MAMÁRIA | ||
| 650 | _aVETERINÁRIA | ||
| 773 | 0 |
_01643 _9348913 _dBelo Horizonte-MG Universidade Federal de Minas Gerais - Escola de Veterinaria 1983 _o2025-1430 _tArquivo Brasileiro de Medicina Veterinária e Zootecnia (Brazil) _x0102-0935 _gv. 69(1) p. 65-74; (2017) _wBR2024004664 |
|
| 856 | _uhttps://www.scielo.br/j/abmvz/a/nQ5DfR4VZtnN4nntsf4fRDg/?format=pdf&lang=pt | ||
| 942 | _cANA | ||
| 999 |
_c330319 _d330319 |
||